Agua: nuevos desafíos /
Na minha lista:
| Autor principal: | |
|---|---|
| Outros Autores: | , |
| Formato: | Texto |
| Assuntos: | |
| Tags: |
Adicionar Tag
Sem tags, seja o primeiro a adicionar uma tag!
|
MARC
| LEADER | 00000 a a2200000 04500 | ||
|---|---|---|---|
| 001 | 9706 | ||
| 003 | |||
| 040 | |||
| 100 | |a Cronin, Aidan A. | ||
| 245 | |a Agua: nuevos desafíos / |c Aidan A. Cronin ; Dinesh Shrestha ; Paul Spiegel | ||
| 650 | |a ESCACEZ DE AGUA | ||
| 650 | |a CAMBIOS CLIMATICOS | ||
| 650 | |a PERSONAS DESPLAZADAS | ||
| 650 | |a INUNDACIONES | ||
| 650 | |a SEQUIAS | ||
| 700 | |a Shrestha, Dinesh | ||
| 700 | |a Spiegel, Paul | ||
| 773 | |g número 31; páginas 26-27 | ||
| 999 | |c 37675 |d 37675 | ||
